000 00807nam a22002537a 4500
003 dpl
005 20170124105916.0
008 161004b xxu||||| |||| 00| 0 eng d
010 _aB-031171
020 _a9788170002475
_c475.00
035 _aB-031171
037 _bCen Lib/Ret
040 _aDPL
_bEN
_cTIT
082 _a027.7
_bSUJ
100 _aSujatha, G.
_92761
245 _aResource sharing and networking of university libraries /
_cby G. Sujatha
260 _aNew Delhi
_bEss Ess Publications
_c1999
270 _a4837/24, Ansari Road, Dariya Ganj
_bNew Delhi
_e110002
300 _a227p.
_c23cm(Hb)
500 _aIncludes bibliographical reference and index
650 _aLibrary Science
_9106528
650 _aLibrary Co-operation
_92763
942 _2ddc
_cEN
_h027.7
_mSUJ
999 _c122862
_d122862